Buchgalterskij učet v žiliščno-stroitel'nych kooperativach

Enregistré dans:
Détails bibliographiques
Auteur principal: Lugovoj, Vjačeslav Afanas'jevič
Autres auteurs: Ovčinnikov, Aleksandr Michajlovič
Format: Livre
Langue:russe
Publié: Moskva Finansy i statistika 1988
Édition:1. izd.
Tags: Ajouter un tag
Pas de tags, Soyez le premier à ajouter un tag!

MARC

LEADER 00000nam a2200000 4500
001 c037413
005 20221219130010.2
041 0 |a rus 
044 |a RU 
245 1 0 |a Buchgalterskij učet v žiliščno-stroitel'nych kooperativach  |c Vjačeslav Afanas'jevič Lugovoj, Aleksandr Michajlovič Ovčinnikov 
250 |a 1. izd. 
264 1 |a Moskva  |b Finansy i statistika  |c 1988 
300 |a 207 s. 
100 1 |a Lugovoj, Vjačeslav Afanas'jevič 
700 1 |a Ovčinnikov, Aleksandr Michajlovič